| 000 | 00454nam a2200193 a 4500 | ||
|---|---|---|---|
| 001 | 5705 | ||
| 005 | 20230414123546.0 | ||
| 008 | 140415s1988 mx 000 0 spa d | ||
| 020 | _a9686199195 | ||
| 041 | _aspa | ||
| 082 |
_a611.0181 _bCOR |
||
| 100 | 1 | _aCORMACK, DAVID H. | |
| 245 | 1 | 0 | _aHISTOLOGIA DE HAM |
| 250 | _a9a ed. | ||
| 260 |
_aMEXICO : _bHARLA, _c1988 |
||
| 300 | _a892 | ||
| 650 | 1 | 4 | _aHISTOLOGIA |
| 700 | 1 |
_aBLENGIO PINTO, JOSE RAFAEL _etr. |
|
| 999 |
_c5705 _d5705 |
||